[Event "Chess.com RCC Wk12 Swiss"]
[Site "chess.com INT"]
[Date "2022.04.30"]
[Round "7"]
[White "Giri,A"]
[Black "Nakamura,Hi"]
[Result "1/2-1/2"]
[WhiteElo "2773"]
[BlackElo "2750"]

1.e4 e5 2.Nf3 Nc6 3.Bb5 Nf6 4.O-O Nxe4 5.Re1 Nd6 6.Nxe5 Be7 7.Bf1 Nxe5 8.Rxe5 O-O
9.d4 Ne8 10.d5 d6 11.Re1 Bg5 12.Nc3 Bxc1 13.Rxc1 Nf6 14.Qd4 Bf5 15.Bd3 Bg6
16.a4 Qd7 17.a5 a6 18.h3 Rae8 19.Kf1 Qd8 20.Bxg6 hxg6 21.Rxe8 Rxe8 22.Re1 Rxe1+
23.Kxe1 b6 24.b4 Qe8+ 25.Kd2 Qb8 26.Qc4 bxa5 27.bxa5 Qa7 28.Ke2 Nd7 29.Qc6 Qd4
30.Qxd7 Qxc3 31.Qd8+ Kh7 32.Qh4+ Kg8 33.Qd8+ Kh7 34.Qh4+ Kg8 35.Qd8+  1/2-1/2

[Event "Chess.com RCC Wk12 Swiss"]
[Site "chess.com INT"]
[Date "2022.04.30"]
[Round "8"]
[White "Nakamura,Hi"]
[Black "Matlakov,M"]
[Result "1-0"]
[WhiteElo "2750"]
[BlackElo "2674"]

1.Nf3 d5 2.e3 Nf6 3.b3 Bf5 4.Bb2 e6 5.Nh4 Bg4 6.Be2 Bxe2 7.Qxe2 Be7 8.d3 c5
9.O-O Nc6 10.f4 O-O 11.Nd2 b5 12.Nhf3 a5 13.a4 bxa4 14.Rxa4 Nd7 15.c4 Nb6
16.Ra3 a4 17.bxa4 Rxa4 18.Rfa1 Rxa3 19.Rxa3 Bf6 20.Bxf6 Qxf6 21.Qd1 dxc4
22.dxc4 Qe7 23.Qb1 Rb8 24.Qc1 h6 25.h3 e5 26.Kh1 exf4 27.exf4 Ra8 28.Rxa8+ Nxa8
29.Qb1 Qc7 30.Qe4 Nb6 31.Nb3 Ne7 32.Ne5 g6 33.Ng4 Kg7 34.Qe3 Nf5 35.Qc3+ Kf8
36.Qh8+ Ke7 37.Qf6+ Kf8 38.Qh8+ Ke7 39.Qf6+ Kf8 40.Ne5 Kg8 41.Nxc5 Ng3+ 42.Kh2 Nh5
43.Ne6 Nxf6 44.Nxc7 Ne4 45.Na6 f6 46.Nxg6 Nxc4 47.Nb4 Ncd6 48.Nh4 f5 49.Nf3 Kg7
50.Nd5 Kg6 51.Ne5+ Kg7 52.g3 Nf6 53.Ne7 Nfe4 54.Kg2 Kf6 55.Nd5+ Ke6 56.Ne3 Kf6
57.Nf3 h5 58.Nd4 Kg6 59.Kf3 Kf6 60.Ndxf5 Nxf5 61.Nxf5 Nd2+ 62.Ke2 Ne4 63.Ke3  1-0

[Event "Chess.com RCC Wk12 KO"]
[Site "chess.com INT"]
[Date "2022.05.01"]
[Round "1.1"]
[White "Nakamura,Hi"]
[Black "Vidit,S"]
[Result "1-0"]
[WhiteElo "2750"]
[BlackElo "2723"]

1.Nf3 d5 2.e3 c5 3.b3 Nc6 4.Bb5 f6 5.Bxc6+ bxc6 6.d4 cxd4 7.exd4 Kf7 8.O-O h5
9.c4 g5 10.Nc3 e6 11.Re1 Bd6 12.Nd2 Ne7 13.Nf1 a5 14.Na4 Ng6 15.c5 Bc7 16.Nb6 Rb8
17.Bd2 Bxb6 18.cxb6 Qxb6 19.Rc1 Qxd4 20.Rxc6 Ne7 21.Rc7 Rb7 22.Qc2 Qb6 23.Rc1 e5
24.Rxb7 Bxb7 25.Qc7 Qa6 26.Qxa5 Qxa5 27.Bxa5 Nc6 28.Bb6 Ke6 29.a3 Ra8 30.Bc5 d4
31.Nd2 d3 32.f3 f5 33.Kf2 g4 34.Rc3 Ba6 35.a4 gxf3 36.gxf3 e4 37.fxe4 Ne5
38.exf5+ Kxf5 39.h3 Ng6 40.Be3 Rc8 41.Nc4 Bxc4 42.Rxc4 Rb8 43.b4 Ne5 44.Rf4+ Ke6
45.Re4 Kf5 46.Rd4 Rc8 47.Bd2 Rc2 48.Ke3 Ra2 49.b5 Ke6 50.a5 Rb2 51.a6 Rxb5
52.a7  1-0

[Event "Chess.com RCC Wk12 KO"]
[Site "chess.com INT"]
[Date "2022.05.01"]
[Round "2.2"]
[White "Abdusattorov,Nodirbek"]
[Black "Nakamura,Hi"]
[Result "1-0"]
[WhiteElo "2661"]
[BlackElo "2750"]

1.c4 Nf6 2.Nc3 e5 3.Nf3 Nc6 4.e4 Bb4 5.d3 d6 6.a3 Bc5 7.b4 Bb6 8.Be3 Bxe3
9.fxe3 Ne7 10.Be2 Ng6 11.O-O a5 12.b5 c6 13.a4 O-O 14.h3 h6 15.d4 Qe7 16.Bd3 Bd7
17.Ra2 Rac8 18.Raf2 Nh7 19.Kh2 Be6 20.d5 Bd7 21.dxc6 bxc6 22.Nd2 Be6 23.Nb3 Qa7
24.Qe2 Rfd8 25.Rc1 Qb6 26.Qe1 Nf6 27.Rfc2 Nd7 28.Rb1 Nc5 29.Nxc5 Qxc5 30.Na2 Nf8
31.Nc1 Ra8 32.Nb3 Qa7 33.bxc6 Rdc8 34.c5 Bxb3 35.Rxb3 Rxc6 36.cxd6 Rxd6 37.Bc4 Rc6
38.Qf1 Rc7 39.Rcb2 Nh7 40.Bd5 Rf8 41.Rb7 Qc5 42.Rxc7 Qxc7 43.Rb7 Qc5 44.Rxf7 Kh8
45.Qf5 Nf6 46.Rxf8+ Qxf8 47.Qxe5 Nd7 48.Qf4 Qe7 49.Qc7 Qe5+ 50.Qxe5 Nxe5
51.Kg3 g5 52.Kf2 Nd3+ 53.Ke2 Nc5 54.Bc6 Kg7 55.Kd2 Kf6 56.Kc3 Ke5 57.Kc4 Kd6
58.Kb5 Nd3 59.Ba8 Ne1 60.Kxa5 Ke5 61.Kb5 Nxg2 62.a5 Nxe3 63.a6  1-0

[Event "Chess.com RCC Wk12 KO"]
[Site "chess.com INT"]
[Date "2022.05.01"]
[Round "2.1"]
[White "Nakamura,Hi"]
[Black "Abdusattorov,Nodirbek"]
[Result "1/2-1/2"]
[WhiteElo "2750"]
[BlackElo "2661"]

1.Nf3 Nf6 2.b3 c5 3.e3 Nc6 4.Bb2 g6 5.Bxf6 exf6 6.c3 d5 7.d4 Bd6 8.g3 O-O
9.Bg2 Be6 10.O-O Rc8 11.dxc5 Bxc5 12.a4 Qd7 13.Nbd2 Bh3 14.Qe2 Rfd8 15.Rfd1 Bxg2
16.Kxg2 f5 17.Ne1 Be7 18.Ndf3 Bf6 19.Rac1 Na5 20.Qb2 Qc6 21.Nd4 Qb6 22.Nef3 Nc4
23.Qe2 Nd6 24.Rc2 Ne4 25.Rdc1 Nc5 26.a5 Qd6 27.c4 Ne4 28.Nb5 Qb4 29.Nxa7 Ra8
30.Nb5 dxc4 31.bxc4 Qxa5 32.Nbd4 Rac8 33.Rb1 b6 34.Rb3 Nd6 35.Nb5 Qa4 36.Nxd6 Rxd6
37.Rb1 Rdc6 38.Ra2 Qxc4 39.Qxc4 Rxc4 40.Rxb6 R4c6 41.Rb3 Rc3 42.Rb6 R3c6
43.Raa6 Rxb6 44.Rxb6 Kg7 45.h4 h5 46.Rb7 Rc2 47.Ng1 Ra2 48.Nh3 Rd2 49.Nf4 Kg8
50.Kf3 Be5 51.Nh3 Bf6 52.Rb5 Rb2 53.Ra5 Bc3 54.Ra7 Bf6 55.Nf4 Rd2 56.Ra5 Kg7
57.Nd5 Be5 58.Rb5 Rb2 59.Rc5 Rd2 60.Nb6 Bf6 61.Rc6 Be7 62.Nc8 Bb4 63.Rb6 Rc2  1/2-1/2

[Event "Chess.com RCC Wk13 Swiss"]
[Site "chess.com INT"]
[Date "2022.05.07"]
[Round "1"]
[White "Nakamura,Hi"]
[Black "Donchenko,Alexa"]
[Result "1-0"]
[WhiteElo "2766"]
[BlackElo "2599"]

1.Nf3 Nf6 2.b3 g6 3.d4 Bg7 4.Bb2 O-O 5.e3 c5 6.dxc5 Qa5+ 7.c3 Qxc5 8.Ba3 Qb6
9.Bxe7 Re8 10.Bxf6 Bxf6 11.Be2 Nc6 12.O-O a5 13.a4 d5 14.Nd4 h5 15.Na3 h4
16.Nab5 h3 17.g3 Nxd4 18.cxd4 Bd7 19.Nc3 Be6 20.Nb5 Bd7 21.Bg4 Bxb5 22.axb5 Qxb5
23.Bxh3 Be7 24.Qc2 Bd6 25.Rfc1 Kg7 26.Bf1 Qd7 27.Qd3 Rh8 28.h4 Qe6 29.Bg2 Rac8
30.Rxc8 Rxc8 31.Qb5 Bxg3 32.fxg3 Qxe3+ 33.Kh2 Rc3 34.Qxd5 Qxg3+ 35.Kg1 Qe3+
36.Kh1 Qf2 37.Qe5+ Kg8 38.Rf1 Qxh4+ 39.Kg1 Qd8 40.Bxb7 Qd7 41.Bd5 Qg4+ 42.Bg2 f5
43.d5 Rc2 44.Qh2 Rd2 45.Re1 Rd1 46.Qb8+ Kh7 47.Qa7+ Kg8 48.Qe3 Rxe1+ 49.Qxe1 Qd4+
50.Kh2 Kg7 51.Bf3 Kf6 52.Qe6+ Kg5 53.Qe7+ Kh6 54.Kg2 Qd2+ 55.Qe2 Qd4 56.Qf2 Qd3
57.Qh4+ Kg7 58.Qe7+ Kh6 59.d6 Qc2+ 60.Kg3 f4+ 61.Kxf4 Qh2+ 62.Kg4 Qg1+ 63.Kh3 Qf1+
64.Kg3 Qg1+ 65.Bg2 Qc5 66.Qf8+ Kh7 67.Qf7+ Kh6 68.Qf4+ Kh7 69.d7 Qc3+ 70.Kh2  1-0

[Event "Chess.com RCC Wk13 Swiss"]
[Site "chess.com INT"]
[Date "2022.05.07"]
[Round "2"]
[White "Jones,G"]
[Black "Nakamura,Hi"]
[Result "0-1"]
[WhiteElo "2669"]
[BlackElo "2766"]

1.e4 c6 2.c4 e5 3.Nf3 Qc7 4.d4 d6 5.Nc3 Nf6 6.h3 g6 7.Be3 Nbd7 8.Be2 Bg7
9.O-O exd4 10.Bxd4 O-O 11.Qc2 Re8 12.Rfe1 b6 13.b4 Bb7 14.Rad1 a6 15.Be3 c5
16.Nd5 Bxd5 17.cxd5 Nxe4 18.bxc5 bxc5 19.Bf1 Nb6 20.Bd4 Bxd4 21.Rxd4 Nf6
22.Rxe8+ Rxe8 23.Rd3 Nbxd5 24.Qd1 Qc6 25.Nd2 Nc7 26.Nc4 d5 27.Na5 Qb6 28.Qa4 Re4
29.Qa3 Re1 30.Rb3 Nb5 31.Qb2 c4 32.Rf3 Ne4 33.Qb4 c3 34.Nb3 Qe6 35.a4 Nbd6
36.Nd4 Qe8 37.Rxc3 Nxc3 38.Qxc3 Rxf1+ 39.Kxf1 Qxa4 40.Kg1 Qc4 41.Qa1 Ne4
42.Nf3 Qc5 43.Qxa6 Qxf2+ 44.Kh2 Qg3+ 45.Kg1 Qb8 46.Qc6 Qd8 47.Nd4 h5 48.Qb7 Qd6
49.Qa8+ Kh7 50.Qb7 Kg7 51.Qb2 Qf6 52.Qa1 Ng3 53.Qb2 h4 54.Kh2 Kh7 55.Qa1 Qe5
56.Qa7 Ne2+ 57.Kh1 Qxd4 58.Qxf7+ Qg7 59.Qf2 Qa1+ 60.Kh2 Qe5+ 61.Kh1 Ng3+
62.Kg1 Qa1+ 63.Kh2 Qh1+  0-1

[Event "Chess.com RCC Wk13 Swiss"]
[Site "chess.com INT"]
[Date "2022.05.07"]
[Round "3"]
[White "Nakamura,Hi"]
[Black "Abdusattorov,Nodirbek"]
[Result "1/2-1/2"]
[WhiteElo "2766"]
[BlackElo "2661"]

1.Nf3 Nf6 2.b3 c5 3.e3 g6 4.Bb2 Nc6 5.d4 cxd4 6.Nxd4 Bg7 7.Nxc6 bxc6 8.Be2 O-O
9.O-O Qc7 10.Qc1 d5 11.c4 dxc4 12.Nd2 cxb3 13.Nxb3 Bg4 14.Bxf6 Bxf6 15.Bxg4 Bxa1
16.Qxa1 c5 17.Rc1 c4 18.Be2 Rac8 19.Rxc4 Qb6 20.g3 Rxc4 21.Bxc4 Rc8 22.Be2 Qf6
23.Qxf6 exf6 24.Nd4 Kf8 25.Kg2 f5 26.Bd1 a5 27.Bb3 Ke7 28.h4 Kf6 29.a4 Rc1
30.Bd5 Ra1 31.Bc6 Rc1 32.Bb5 Rc8 33.Nc6 Ra8 34.Kf3 h6 35.Ke2 g5 36.h5 g4
37.Kd3 Kg5 38.Kc4 Kxh5 39.Kc5 Kg5 40.Kb6 h5 41.Nxa5 h4 42.gxh4+ Kxh4 43.Bd7 Kg5
44.Bc6 Rh8 45.Nc4 Rh2 46.a5 Rxf2 47.a6 Ra2 48.Na5 Rb2+ 49.Bb5 Rd2 50.a7 Rd8
51.Bc6 f4 52.exf4+ Kxf4 53.Nc4 f5 54.Nd6 g3 55.Kc7 Rg8 56.Nc4 Rg7+ 57.Kb6 Rxa7
58.Kxa7 Kg4 59.Kb6 Kh3 60.Ne3 f4 61.Ng2 Kg4 62.Ne1 Kf5 63.Kc5 f3 64.Bxf3 Kf4
65.Kd4 g2 66.Bxg2 Kg3 67.Ke3 Kg4 68.Be4 Kg5 69.Nd3 Kf6 70.Kf4 Ke6 71.Ne5 Kf6
72.Bf5 Ke7 73.Nd3 Kf6 74.Nc5 Ke7 75.Ke5 Kf7 76.Ne6 Ke7 77.Bg6 Kd7 78.Kf6 Kd6
79.Be4 Kd7 80.Nc5+ Kd6 81.Nb7+ Kc7 82.Ke6 Kb6 83.Kd6 Kb5 84.Nc5 Kc4 85.Ne6 Kc3
86.Kc5 Kd2 87.Kd4 Ke2 88.Nf4+ Kf2 89.Kd3 Kg3 90.Ke3 Kg4 91.Bg2 Kf5 92.Bh3+ Ke5
93.Bc8 Kd6 94.Kd4 Kc7 95.Bf5 Kd6 96.Ng6 Kc6 97.Be4+ Kb5 98.Bd5 Kb4 99.Ne5 Kb5
100.Nd3 Kb6 101.Ke5 Kb5 102.Kd6 Ka4 103.Kc5 Ka3 104.Kc4 Ka4 105.Kc3 Kb5 106.Kb3 Kb6
107.Kb4 Kc7 108.Kc5 Kd7  1/2-1/2

[Event "Chess.com RCC Wk13 Swiss"]
[Site "chess.com INT"]
[Date "2022.05.07"]
[Round "4"]
[White "Andreikin,D"]
[Black "Nakamura,Hi"]
[Result "1/2-1/2"]
[WhiteElo "2729"]
[BlackElo "2766"]

1.d4 f5 2.Nf3 d6 3.Nc3 Nf6 4.Bg5 Nbd7 5.Qd3 g6 6.e4 fxe4 7.Nxe4 Bg7 8.O-O-O c6
9.Kb1 Qa5 10.h4 Nxe4 11.Qxe4 Nf6 12.Qe3 Nd5 13.Qb3 Qb6 14.h5 Qxb3 15.axb3 h6
16.Bc1 g5 17.Bd3 Bg4 18.Bg6+ Kd7 19.Rd3 Bxf3 20.gxf3 Rhf8 21.Re1 e6 22.Be4 Ne7
23.f4 gxf4 24.Rg1 Rf7 25.Rg4 Raf8 26.c3 d5 27.Bg6 Rf6 28.Bh7 R6f7 29.Bg6 Rf6
30.Bh7 Bh8 31.Rf3 c5 32.Rgxf4 cxd4 33.Rxf6 Rxf6 34.Rxf6 Bxf6 35.Bxh6 dxc3
36.bxc3 Bxc3 37.Bg5 Ke8 38.h6 Kf7 39.Bxe7 Kxe7 40.Bg8 a5 41.f4 Kd6 42.Kc2 Bf6
43.Bf7 Kd7 44.f5 exf5 45.Bxd5 b6 46.Kd3 Kd6 47.Bf7 b5 48.Be8 Kc5 49.h7 Be5
50.Bd7 f4 51.Ke4 Bh8 52.Kxf4 a4 53.bxa4 bxa4 54.Bxa4 Kd6 55.Kf5 Ke7 56.Bb3 Kf8
57.Kg6 Bg7 58.Bc4 Bh8 59.Bd5 Bg7 60.Be6 Bh8 61.Bd5 Bg7 62.Be6 Bh8 63.Bd5  1/2-1/2

[Event "Chess.com RCC Wk13 Swiss"]
[Site "chess.com INT"]
[Date "2022.05.07"]
[Round "5"]
[White "Nakamura,Hi"]
[Black "Giri,A"]
[Result "1-0"]
[WhiteElo "2766"]
[BlackElo "2761"]

1.Nf3 d5 2.e3 Nf6 3.b3 Bf5 4.d3 h6 5.Ba3 Nbd7 6.g3 e6 7.Bxf8 Nxf8 8.Bg2 N8d7
9.O-O O-O 10.Nbd2 Bh7 11.Qe2 c6 12.Rfd1 Qe7 13.c4 Nc5 14.Ne1 Rfd8 15.Rac1 a5
16.d4 Nce4 17.Nf1 a4 18.c5 axb3 19.axb3 Nd7 20.b4 Ra3 21.Qb2 Rda8 22.Ra1 Rxa1
23.Rxa1 Qd8 24.f3 Nef6 25.Nd2 Rb8 26.Ra7 b6 27.Qc3 bxc5 28.bxc5 Ne8 29.Bf1 Bg6
30.Bd3 Bxd3 31.Nxd3 Ra8 32.Qa3 Rxa7 33.Qxa7 Qc7 34.Qa8 Kf8 35.Nb3 e5 36.Na5 e4
37.fxe4 dxe4 38.Nf2 Nb8 39.Nc4 f5 40.g4 f4 41.Nxe4 fxe3 42.Ne5 e2 43.Kf2 Qd8
44.Nf3 Nc7 45.Qa2 Nd5 46.Qxe2 Nd7 47.Nd6 N7f6 48.Qe6 Qd7 49.Qxd7 Nxd7 50.Nc4 Ke7
51.Nfe5 Nxe5 52.Nxe5 Nb4 53.Ke3 Kf6 54.Ke4 Kg5 55.Nxc6 Nxc6 56.d5 Na5 57.Ke5 Kg6
58.Ke6 Nb3 59.c6 Nd4+ 60.Kd7  1-0

[Event "Chess.com RCC Wk13 Swiss"]
[Site "chess.com INT"]
[Date "2022.05.07"]
[Round "6"]
[White "Sevian,Samuel"]
[Black "Nakamura,Hi"]
[Result "1-0"]
[WhiteElo "2703"]
[BlackElo "2766"]

1.e4 e5 2.Nf3 Nc6 3.Bc4 Bc5 4.O-O Nf6 5.d3 d6 6.c3 a6 7.a4 Ba7 8.Re1 O-O
9.h3 h6 10.Nbd2 Re8 11.b4 Be6 12.Bxe6 Rxe6 13.Qc2 Qd7 14.Nf1 Rae8 15.Be3 Bxe3
16.Nxe3 d5 17.b5 Ne7 18.c4 d4 19.Nd5 Ng6 20.Kh2 Qd8 21.Reb1 a5 22.g3 Nd7
23.c5 Ne7 24.Kg2 Nxd5 25.exd5 R6e7 26.d6 cxd6 27.cxd6 Re6 28.Qc7 b6 29.Re1 Qxc7
30.dxc7 Rc8 31.Rac1 Nc5 32.Rxc5 bxc5 33.Rxe5 Rxc7 34.Rxe6 fxe6 35.Ne5 Kf8
36.Kf3 Ke7 37.Ke4 Rc8 38.Nc4 Ra8 39.f4 h5 40.Ke5 g6 41.g4 h4 42.g5 Ra7 43.Ke4 Ra8
44.Ne5 Rg8 45.Nc6+ Kd7 46.Nxa5 e5 47.fxe5 Ke6 48.Nb3 Rc8 49.a5 c4 50.Nxd4+ Kd7
51.dxc4 Rxc4 52.Kd5 Rc3 53.b6 Rxh3 54.e6+ Kc8 55.a6 Rd3 56.b7+ Kc7 57.e7  1-0

[Event "Chess.com RCC Wk13 Swiss"]
[Site "chess.com INT"]
[Date "2022.05.07"]
[Round "7"]
[White "Martinez Alcantara,Jose Eduardo"]
[Black "Nakamura,Hi"]
[Result "0-1"]
[WhiteElo "2591"]
[BlackElo "2766"]

1.e4 c5 2.Nf3 e6 3.c3 d5 4.exd5 Qxd5 5.d4 cxd4 6.cxd4 Nf6 7.Nc3 Bb4 8.Bd3 O-O
9.O-O Qd8 10.Bg5 Be7 11.Qe2 Nc6 12.Rad1 h6 13.Bh4 Nh5 14.Bg3 Bd7 15.d5 Nxg3
16.hxg3 exd5 17.Nxd5 Bf6 18.Nxf6+ Qxf6 19.Bh7+ Kxh7 20.Rxd7 b6 21.Rfd1 Rad8
22.b4 Rxd7 23.Rxd7 Qf5 24.Rc7 Nxb4 25.Rxa7 Rd8 26.Qe5 Qb1+ 27.Kh2 Nc6 28.Qh5 Nxa7
29.Ng5+ Kg8 30.Qxf7+ Kh8 31.Ne6 Rg8 32.Qxa7 Qb2 33.f3 Qf6 34.Nf4 Rd8 35.Qc7 Ra8
36.Qc2 Qf7 37.Qb1 Rxa2 38.Qxb6 Ra8 39.Qc6 Re8 40.Qd6 Kg8 41.Qc6 h5 42.Nh3 Rf8
43.Qc5 Qf5 44.Qc4+ Kh7 45.Qh4 Qe5 46.Ng5+ Kh6 47.Nh3 g5 48.Qb4 Kg7 49.f4 gxf4
50.gxf4 Qf6 51.Qb7+ Kh6 52.Qd5 Rd8 53.Qa5 h4 54.Qb4 Rd7 55.Qe1 Rg7 56.Qe3 Rg3
57.Qe8 Rg6 58.Qe1 Kg7 59.Qf2 Rg4 60.Qa7+ Kh6 61.Qb8 Qc3 62.Qf8+ Qg7 63.Qc8 Rxg2+
64.Kh1 Rg3 65.Qe6+ Qg6 66.Ng5 Qxe6 67.Nxe6 Kh5 68.Nd4 Kg4 69.f5 Rd3 70.Ne6 Kxf5
71.Ng7+ Kg4 72.Ne8 Kg3 73.Kg1 Rd1+  0-1

[Event "Chess.com RCC Wk13 KO"]
[Site "chess.com INT"]
[Date "2022.05.08"]
[Round "1.1"]
[White "Nakamura,Hi"]
[Black "Demchenko,A"]
[Result "1-0"]
[WhiteElo "2766"]
[BlackElo "2654"]

1.Nf3 Nf6 2.b3 g6 3.d4 Bg7 4.Bb2 O-O 5.e3 d6 6.Be2 Nbd7 7.O-O Re8 8.c4 c6
9.b4 a5 10.b5 cxb5 11.cxb5 a4 12.Na3 Nb6 13.Nd2 d5 14.Bd3 Bd7 15.Rc1 Bf8
16.Nf3 Bg4 17.h3 Bxf3 18.Qxf3 e6 19.Rc2 Rc8 20.Rfc1 Rxc2 21.Nxc2 Bd6 22.Ba3 Bxa3
23.Nxa3 Qd6 24.Qxf6 Qxa3 25.Rc7 Rf8 26.Be2 Nc4 27.Bg4 Qd6 28.Rxb7 h5 29.Rxf7 Rxf7
30.Bxe6 Qc7 31.Qxg6+ Kf8 32.Qh6+ Ke8 33.Qxh5 Nd6 34.Bxd5 Qc1+ 35.Kh2 Qa3
36.b6 Qb4 37.Bxf7+ Nxf7 38.Qc5 Qb2 39.Qc6+ Ke7 40.Qc7+ Ke6 41.b7 Nd6 42.b8=Q  1-0

[Event "Chess.com RCC Wk13 KO"]
[Site "chess.com INT"]
[Date "2022.05.08"]
[Round "2.3"]
[White "Nakamura,Hi"]
[Black "Vidit,S"]
[Result "1-0"]
[WhiteElo "2766"]
[BlackElo "2723"]

1.e4 e5 2.Nc3 Nf6 3.Bc4 Nc6 4.d3 Bb4 5.Ne2 d5 6.exd5 Nxd5 7.O-O Be6 8.Bxd5 Bxd5
9.f4 f6 10.a3 Bxc3 11.Nxc3 O-O 12.f5 Qd7 13.Be3 Kh8 14.Qg4 Rad8 15.Rae1 b6
16.Ne4 Bxe4 17.Qxe4 Nd4 18.Rf2 c5 19.h3 Qd5 20.Qg4 Rf7 21.Rd2 Rfd7 22.Rf2 b5
23.Kh1 a5 24.Rd1 a4 25.Re1 Qc6 26.Rd1 b4 27.Rfd2 b3 28.c3 Nc2 29.Bf2 e4 30.Qf4 h6
31.dxe4 Rxd2 32.Rxd2 Rxd2 33.Qxd2 Qxe4 34.Bxc5 Qxf5 35.Bg1 Qe4 36.Bf2 Kh7
37.Kg1 Kg6 38.Kh2 Qe5+ 39.Kg1 Qe4 40.Kh2 h5 41.h4 Qe5+ 42.Kg1 Qe4 43.Kh2 Kh7
44.Qd1 Qf5 45.Qd2 Kg6 46.c4 Qe5+ 47.Bg3 Qd4 48.Qe2 Ne3 49.Kh1 Ng4 50.Be1 Qf4
51.g3 Qd4 52.Kg2 Kf7 53.Kf3  1-0

[Event "Chess.com RCC Wk13 KO"]
[Site "chess.com INT"]
[Date "2022.05.08"]
[Round "2.1"]
[White "Nakamura,Hi"]
[Black "Vidit,S"]
[Result "1/2-1/2"]
[WhiteElo "2766"]
[BlackElo "2723"]

1.Nf3 d5 2.e3 c5 3.d4 Nf6 4.b3 cxd4 5.Nxd4 e5 6.Nf3 Nc6 7.Bb2 Bb4+ 8.c3 Ba5
9.Bb5 e4 10.Nd4 Bd7 11.Nxc6 bxc6 12.Be2 O-O 13.O-O Be6 14.Nd2 Re8 15.Rc1 c5
16.b4 cxb4 17.cxb4 Bxb4 18.Nb3 Bd6 19.Rc6 Qb8 20.Bxf6 gxf6 21.g3 Rc8 22.Ra6 Be5
23.Bg4 f5 24.Bh3 Rc4 25.Qh5 Qc8 26.Ra5 Kh8 27.Rd1 Bc3 28.Raxd5 Bxd5 29.Bxf5 Qg8
30.Rxd5 Qg7 31.Nc5 Bf6 32.Nxe4 Be7 33.Rd7 Re8 34.Nd6 Bxd6 35.Rxf7 Rh4 36.Qxh4 Qxf7
37.Bc2 Be5 38.Bb3 Qe7 39.Qh5 Rf8 40.Bc2 Bc3 41.Qe2 Qf6 42.Be4 Qe5 43.Bb1 Qg7
44.Be4 Ba5 45.a4 Bb6 46.Kg2 Re8 47.Qf3 Rf8 48.Qe2 Qf6 49.Bf3 Bc7 50.Be4 Qe7
51.Bf3 Bd6 52.Qd3 Be5 53.Qe2 Rd8 54.Qc2 Qf6 55.Qe4 Bc3 56.Qb7 Rf8 57.Qe4 a5
58.Qb7 Be1 59.h4 h6 60.h5 Rf7 61.Qc8+ Rf8 62.Qb7 Bb4 63.Qe4 Bd6 64.Qd5 Be5
65.Qb7 Bc3 66.Qd5 Qf5 67.Qc6 Bg7 68.Qb7 Qc2 69.Qd7 Qc5 70.Qd3 Qf5 71.Qd1 Rc8
72.Bg4 Qe4+ 73.Bf3 Qc2 74.Qd7 Rf8 75.Qb5 Qf5 76.Qe2 Qf7 77.Qd1 Qc7 78.Qe2 Qd7
79.Qc4 Qe7 80.Qc2 Qb4 81.Qg6 Rd8 82.Be4 Kg8 83.Qe6+ Kf8 84.Qf5+ Ke7 85.Bd5 Rf8
86.Qe6+ Kd8 87.Qc6 Be5 88.Qxh6 Rxf2+ 89.Kxf2 Qd2+ 90.Kf1 Qxd5 91.Qg5+ Kd7
92.Qg4+ Ke7 93.Qg5+ Kf8 94.Qf5+ Ke7 95.Ke2 Qc4+ 96.Kf2 Qa2+ 97.Kf1 Qa1+ 98.Kg2 Qa2+
99.Kf1 Qc4+ 100.Kf2 Qa2+ 101.Kf1  1/2-1/2

[Event "Chess.com RCC Wk13 KO"]
[Site "chess.com INT"]
[Date "2022.05.08"]
[Round "2.2"]
[White "Vidit,S"]
[Black "Nakamura,Hi"]
[Result "1/2-1/2"]
[WhiteElo "2723"]
[BlackElo "2766"]

1.d4 Nf6 2.c4 e6 3.Nf3 d5 4.g3 Be7 5.Bg2 O-O 6.O-O dxc4 7.Qc2 b5 8.a4 Bb7
9.axb5 a6 10.Nc3 axb5 11.Rxa8 Bxa8 12.Nxb5 Bd5 13.Bf4 c5 14.dxc5 Qa5 15.Nc3 Qxc5
16.Nxd5 Nxd5 17.Bd2 Nd7 18.Rc1 Rc8 19.e3 Bf6 20.Bf1 N7b6 21.Qb1 Be7 22.Ne5 c3
23.bxc3 Qc7 24.Nf3 Nc4 25.Be1 Ndb6 26.Nd4 g6 27.Qb5 e5 28.Nf3 Bf6 29.Rd1 Nd6
30.Qb3 Nbc4 31.Nd2 Rb8 32.Qc2 Nxd2 33.Bxd2 e4 34.c4 Qc5 35.Rb1 Rc8 36.Bb4 Qc6
37.Bxd6 Qxd6 38.Qxe4 Kg7 39.Rb7 Bc3 40.Qd5 Qxd5 41.cxd5 Be5 42.Bh3 Rc1+ 43.Kg2 Kf8
44.Bd7 Rd1 45.Bc6 Rd2 46.g4 g5 47.h3 h6 48.Kf3 Bh2 49.Kg2 Be5 50.Ba4 Bd6
51.Rd7 Bc5 52.Kf3 Bb4 53.Bb3 Rb2 54.Bc4 Rc2 55.Bd3 Rd2 56.Be2 Be7 57.e4 Bf6
58.Rd6 Kg7 59.Rc6 Be5 60.Rc4 Rb2 61.Rc6 Rd2 62.Bf1 Bd4 63.Be2 Be5  1/2-1/2

[Event "Chess.com RCC Wk13 KO"]
[Site "chess.com INT"]
[Date "2022.05.08"]
[Round "3.1"]
[White "Fedoseev,Vl3"]
[Black "Nakamura,Hi"]
[Result "0-1"]
[WhiteElo "2701"]
[BlackElo "2766"]

1.d4 Nf6 2.c4 e6 3.Nf3 d5 4.g3 Be7 5.Bg2 O-O 6.O-O dxc4 7.Qc2 b5 8.Ne5 Nd5
9.a4 c6 10.Nc3 f6 11.Nf3 b4 12.Ne4 Ba6 13.Nc5 Bxc5 14.dxc5 Nd7 15.e4 b3 16.Qd2 c3
17.bxc3 Bxf1 18.Bxf1 Nc7 19.Qd6 Qc8 20.Nd4 Ne5 21.Nxc6 Nxc6 22.Qxc6 e5 23.Bc4+ Kh8
24.Rb1 Rb8 25.Ba3 f5 26.Qd6 fxe4 27.Qxe5 Re8 28.Qf4 Qd7 29.Bb4 a5 30.Bxa5 Nd5
31.Qh4 e3 32.Bd3 exf2+ 33.Kxf2 Nf6 34.Rd1 b2 35.Bxh7 Qxd1 36.Bg6+ Kg8 37.Qc4+ Qd5  0-1

[Event "Chess.com RCC Wk14 Swiss"]
[Site "chess.com INT"]
[Date "2022.05.14"]
[Round "1"]
[White "Nakamura,Hi"]
[Black "Praggnanandhaa,R"]
[Result "1-0"]
[WhiteElo "2766"]
[BlackElo "2642"]

1.Nf3 Nf6 2.e3 g6 3.b3 Bg7 4.Bb2 O-O 5.d4 d6 6.Be2 Nc6 7.O-O e5 8.dxe5 Ng4
9.c4 Ngxe5 10.Nc3 b6 11.Nxe5 Nxe5 12.Qd2 Bb7 13.Nd5 Nd7 14.Bxg7 Kxg7 15.Qc3+ Kg8
16.Rfd1 Re8 17.Rac1 a5 18.a3 Ne5 19.Bf1 Rc8 20.h3 Qh4 21.Rd4 Qd8 22.Rdd1 Qh4
23.g3 Qg5 24.Bg2 Bxd5 25.cxd5 Nd7 26.b4 axb4 27.axb4 Nf6 28.f4 Qxg3 29.Qxf6 Qxe3+
30.Kh1 Re4 31.Rxc7 Rxc7 32.Qd8+ Kg7 33.Qxc7 Rxb4 34.Qxd6 Rxf4 35.Qc6 Rf3
36.Qc2 Rf6 37.Qb2  1-0

[Event "Chess.com RCC Wk14 Swiss"]
[Site "chess.com INT"]
[Date "2022.05.14"]
[Round "2"]
[White "Durarbayli,V"]
[Black "Nakamura,Hi"]
[Result "0-1"]
[WhiteElo "2638"]
[BlackElo "2766"]

1.d4 f5 2.c4 Nf6 3.g3 g6 4.Bg2 Bg7 5.Nf3 d6 6.O-O O-O 7.b3 c6 8.Bb2 Qa5 9.Nbd2 Ne4
10.Qc2 Nxd2 11.Nxd2 e5 12.Bc3 Qc7 13.dxe5 dxe5 14.Qb2 Be6 15.Nf3 Nd7 16.Ng5 Rae8
17.e4 f4 18.Rad1 Bg4 19.Bf3 Bxf3 20.Nxf3 Rf7 21.Kg2 h6 22.Bb4 Re6 23.Rd3 a5
24.Ba3 b5 25.cxb5 cxb5 26.Rc1 Qb7 27.Qe2 g5 28.g4 Nf6 29.Nd2 h5 30.h3 hxg4
31.hxg4 Rd7 32.f3 Re8 33.Bb2 Red8 34.Rxd7 Qxd7 35.Nb1 b4 36.Bxe5 Nxg4 37.Rc7 Ne3+
38.Kh2 Qe6 39.Rxg7+ Kf8 40.Rh7 Qxe5 41.Qa6 Qb2+  0-1

[Event "Chess.com RCC Wk14 Swiss"]
[Site "chess.com INT"]
[Date "2022.05.14"]
[Round "3"]
[White "Nakamura,Hi"]
[Black "Tabatabaei,M"]
[Result "1-0"]
[WhiteElo "2766"]
[BlackElo "2645"]

1.Nf3 d5 2.e3 Nf6 3.c4 c6 4.Qc2 Nbd7 5.d4 e6 6.b3 Bd6 7.Bb2 O-O 8.Bd3 Qe7
9.Ne5 h6 10.Nd2 Ba3 11.Nxd7 Bxd7 12.Bxa3 Qxa3 13.Nf3 dxc4 14.bxc4 c5 15.O-O Bc6
16.Ne5 cxd4 17.exd4 Rfd8 18.Qd2 Be4 19.Bxe4 Nxe4 20.Qf4 Nf6 21.Rfd1 Rac8
22.Rd3 Qb2 23.Rdd1 Qc2 24.f3 Qa4 25.Rab1 b6 26.Rd2 Qe8 27.Re1 Nd7 28.d5 exd5
29.cxd5 Nxe5 30.Rxe5 Rc1+ 31.Kf2 Qb5 32.d6 Qb1 33.d7 Rf1+ 34.Kg3 Re1 35.Kh3 Rxe5
36.Qxe5 Kh7 37.Rd6 Qc2 38.Qd5 Kg8 39.Rc6 Qe2 40.Rc8 Qe7 41.Rxd8+ Qxd8 42.Qc6 Kf8
43.Qd6+ Kg8 44.f4 b5 45.f5 Kh7 46.f6 gxf6 47.Qd3+ Kg7 48.Qxb5 Qe7 49.Qd5 Qd8
50.Kg4 a5 51.a4 Kg8 52.Kh5 Kg7 53.Qd2 Kg8 54.Kxh6 Qf8+ 55.Kh5 Qd8 56.Kg4 Kg7
57.Kf5 Kg8 58.Qd4 Kg7 59.h4 Kg8 60.g4 Kh7 61.h5 Kg8 62.g5 Kh7 63.h6 Qa8 64.d8=Q Qf3+
65.Qf4 Qh3+ 66.Ke4 Qg2+ 67.Qf3 Qc2+ 68.Qdd3 Qc6+ 69.Ke3+  1-0

[Event "Chess.com RCC Wk14 Swiss"]
[Site "chess.com INT"]
[Date "2022.05.14"]
[Round "4"]
[White "Nakamura,Hi"]
[Black "Xiong,Jeffery"]
[Result "1/2-1/2"]
[WhiteElo "2766"]
[BlackElo "2688"]

1.Nf3 d5 2.e3 Nf6 3.c4 e6 4.b3 c5 5.Bb2 Nc6 6.cxd5 exd5 7.d4 cxd4 8.Nxd4 Bb4+
9.Bc3 a5 10.a3 Bd6 11.Bb5 Bd7 12.Nd2 O-O 13.O-O Nxd4 14.Bxd7 Bxh2+ 15.Kxh2 Qc7+
16.Kg1 Qxc3 17.exd4 Nxd7 18.Rc1 Qxd4 19.Nf3 Qb2 20.Qxd5 Nf6 21.Qb5 Qxa3 22.Rc7 a4
23.bxa4 Qxa4 24.Qxa4 Rxa4 25.Rxb7 h6 26.Ne5 Re8 27.Nd7 Ng4 28.f3 Ne5 29.Nxe5 Rxe5
30.Rb2 h5 31.Rd1 h4 32.Kh2 g5 33.Rbd2 Kg7 34.Rd5 Rxd5 35.Rxd5 Kg6 36.Rd6+ f6
37.Rb6 Ra5 38.Rc6 Kf5 39.Rb6 Ke5 40.Rb4 Rd5 41.Re4+ Kf5 42.Ra4 Rd2 43.Rb4 Kg6
44.Rb6 Re2 45.Ra6 Kf7 46.Ra7+ Re7 47.Ra5 Re5 48.Ra7+ Re7 49.Ra5 Kg6 50.Ra6 Kf5
51.Rb6 Re6 52.Rb4 Kg6 53.Rb5 f5 54.Rb8 Kf6 55.Rb5 Rd6 56.Ra5 Ke6 57.Rb5 Rd5
58.Rb4 Ke5 59.Ra4 Rd4 60.Ra2 Kf4 61.Rb2 Ke3 62.Rb5 Kf4 63.Rb2 Ra4 64.Rc2 Ra1
65.Rb2 Rd1 66.Ra2 Ke3 67.Ra5 g4 68.fxg4 fxg4 69.Ra3+ Kf2 70.Ra2+ Ke3 71.Ra3+ Rd3
72.Ra4 Rd4 73.Ra8 Re4 74.Rh8 Kf2 75.Rf8+ Ke2 76.Rh8 Kf2 77.Rf8+ Ke2 78.Rh8 Kf2  1/2-1/2

[Event "Chess.com RCC Wk14 Swiss"]
[Site "chess.com INT"]
[Date "2022.05.14"]
[Round "5"]
[White "Ponkratov,P"]
[Black "Nakamura,Hi"]
[Result "0-1"]
[WhiteElo "2624"]
[BlackElo "2766"]

1.d4 Nf6 2.c4 e6 3.Nc3 Bb4 4.e3 b6 5.Bd2 Bb7 6.Rc1 O-O 7.Nf3 d6 8.Bd3 Nbd7
9.O-O Bxc3 10.Bxc3 Ne4 11.Nd2 Nxc3 12.Rxc3 f5 13.e4 e5 14.d5 f4 15.b4 a5
16.a3 axb4 17.axb4 Qe7 18.Be2 c5 19.dxc6 Bxc6 20.Qc2 Kh8 21.Rd1 Nf6 22.f3 Rfc8
23.Qb2 Ne8 24.Nb1 Nc7 25.Rcd3 Rd8 26.Bf1 Ne6 27.Nc3 g5 28.Qf2 Qc7 29.Qd2 h5
30.Rxd6 Nd4 31.Rxd8+ Rxd8 32.Qf2 Qe7 33.b5 Bb7 34.Nd5 Qc5 35.Kh1 Ne6 36.Qb2 Nd4
37.Qf2 Rf8 38.Ra1 Bc8 39.Ra7 Be6 40.Qe1 Rf7 41.Ra6 Kh7 42.Nxb6 Nc2 43.Na4 Qd4
44.Qc1 Qf2 45.Rxe6 Ne1 46.Qxe1 Qxe1 47.Kg1 Qe3+ 48.Kh1 Qf2  0-1